Countries by number of prisoners - Statistics

General Stats
  • This quiz has been taken 16 times
  • The average score is 13 of 20
Answer Stats
Country Prisoners % Correct
China 1.690.000
100%
United States 1.808.100
100%
Russia 433.006
94%
India 573.220
88%
Mexico 233.687
88%
Argentina 117.810
81%
Brazil 850.377
81%
Colombia 103.530
75%
Iran 189.000
75%
Türkiye 362.422
69%
Indonesia 273.541
63%
South Africa 157.056
63%
Vietnam 133.986
63%
Egypt 120.000
56%
Thailand 274.277
56%
Ethiopia 110.000
44%
Philippines 180.826
44%
Myanmar 100.324
38%
Morocco 102.653
31%
El Salvador 109.519
25%
No matching quizzes found
Score Distribution
Percent of People with Each Score
Percentile by Number Answered
Your Score History
You have not taken this quiz